| 000 | 00747nam a2200241 i 4500 | ||
|---|---|---|---|
| 001 | 186252 | ||
| 003 | SpMaBN | ||
| 005 | 20231203111337.0 | ||
| 008 | 160928s2016 sp |||| | spa d | ||
| 020 | _a978-84-16480-17-3 | ||
| 080 | _a821.134.2-14"19" | ||
| 100 | 1 |
_aHoz, Maricel de la. _9160995 |
|
| 245 | 1 | 3 |
_aEl canto dibujado / _cMaricel de la Hoz. |
| 250 | _a1ª ed. | ||
| 260 |
_aMadrid : _bPoesía Eres Tú, _c2016. |
||
| 300 |
_a69 p. ; _c21 cm. |
||
| 490 | 1 | _aColección poesía | |
| 830 | 0 |
_aColección poesía _9178068 |
|
| 852 |
_aES-MaACL _jA-13858 _9193307 _bR.151205 _cDEPO1 _dOlim: N-6858 _hDonación: Maricel de la Hoz |
||
| 903 |
_9160995 _aHoz, Maricel de la _ednr |
||
| 942 |
_2udc _cMONOGRAFIA |
||
| 999 |
_c186252 _d186252 |
||